Statistics for Lock in Those Lyrics: Roads in Song

Click here to take the quiz!

General Stats

  • This quiz has been taken 24 times
  • The average score is 8 of 18

Answer Stats

STREET NAMEARTIST% Correct
{Penny} Lane is in my ears and in my eyesThe Beatles
95%
They say the neon lights are bright on {Broadway}The Drifters
90%
We gonna rock down to {Electric} Avenue and then we'll take it higherEddy Grant
86%
Well, it's down at the end of of {Lonely} Street at Heartbreak HotelElvis Presley
62%
Then I'm walking in Memphis, walking with my feet ten feet off of {Beale}Marc Cohn
57%
Until the sun comes up over {Santa Monica} BoulevardSheryl Crow
57%
I'm headin' down the {Atlanta} Highway, lookin' for the love getawayB-52s
52%
All the little birds on {Jaybird} Street love to hear the robin go tweet-tweet-tweetBobby Day
43%
Counting the cars on the {New Jersey} Turnpike, they've all come to look for AmericaSimon & Garfunkel
38%
And the same black line that was drawn on you was drawn on me, and now it's drawn me in, {6th} Avenue heartacheThe Wallflowers
33%
Have you seen the well-to-do up and down {Park} AvenueIrving Berlin / Taco
29%
On the corner of {Main} Street, just tryin' to keep it in line; you say you wanna move on and you say I'm falling behindThe Killers
29%
I don't care if it's Chinatown or on {Riverside}; I don't have any reasons, I left them all behindBilly Joel
24%
I learned a thing or two from Charlie, don't you know, you better stay away from {Copperhead} RoadSteve Earle
24%
I've lost my mind on what I'd find, all of the pressure that I left behind on {Allison} Road.Gin Blossoms
24%
The black magic on {Mulholland} Drive; swimming pools under desert skiesPanic at the Disco!
14%
Took a bus to Chinatown. I'd be standin' on {Canal} and {Bowery}, she'd be standin' next to meLumineers
10%
I know we don't live here anymore; we bought an old house on the {Danforth}Barenaked Ladies
0%

Score Distribution

Percentile by Number Answered

Percent of People with Each Score

Your Score History

You have not taken this quiz